000 01043nam a2200265 a 4500
001 BRL_245
005 20190320210643.0
008 160713s1994----u--o######---#000-0#eng-#
020 _a0890132585
041 _aeng
044 _au
050 4 _aNK835.N5
_b.G38 1994
100 1 _aGavin, Robin Farwell
_91487
245 1 0 _aTraditional Arts of Spanish New Mexico
_bthe Hispanic Heritage wing at the Museum of International Folk Art
_cby Robin Farwell Gavin.
260 _aSanta Fe, Nuevo México
_bMuseum of New Mexico Press
_cc1994
300 _aviii, 96 p.
_bil. (algunas a color), mapas
_c23 cm.
500 _aAu296
504 _aBibliografía : p. 93-96
610 2 4 _aMuseum of International Folk Art (N.M.)
_bHispanic Heritage Wing
_vCatálogos
_923344
650 1 4 _aArtes decorativas español colonial
_vCatálogos
_zNuevo México
_923345
650 1 4 _aArtes decorativas hispanoamericanas
_vCatálogos
_zNuevo México
_923346
650 1 4 _aArtes decorativas
_vCatálogos
_zSanta Fe, Nuevo México
_923347
902 _aGRL
942 _2lcc
_cB
999 _c9058
_d9058